000 03191nam a2200265 4500
003 NALT
005 20260218161110.0
008 260210b th ||||| |||| 00| 0 tha d
040 _aNALT
090 _aELR 211/1 2568
100 0 _aปิยวรรณ เงินคล้าย
_919661
245 1 0 _aแนวทางการเพิ่มความโปร่งใสในกระบวนการงบประมาณ /
_cปิยวรรณ เงินคล้าย.
246 3 0 _aผลงานหรือผลสำเร็จของงานที่เกิดจากการปฏิบัติงานในตำแหน่งหน้าที่ความรับผิดชอบ.
260 _aกรุงเทพฯ :
_bสำนักงานเลขาธิการสภาผู้แทนราษฎร,
_c2568.
300 _a85 หน้า :
_bภาพประกอบ, ตาราง, แผนภูมิ ;
_c30 ซม.
500 _a
505 2 _aบทที่ 1 บทนำ -- 1.1 ความเป็นมาและความสำคัญของปัญหา -- 1.2 วัตถุประสงค์ของการศึกษา -- 1.3 ขอบเขตและวิธีการศึกษา -- 1.4 นิยามศัพท์เฉพาะ -- 1.5 อักษรย่อที่ปรากฎในรายงานฉบับนี้ -- 1.6 ประโยชน์ที่คาดว่าจะได้รับ -- บทที่ 2 แนวคิด ทฤษฎี และวรรณกรรมที่เกี่ยวข้อง -- 2.1 กฎหมาย ระเบียบที่เกี่ยวข้อง -- 2.2 หลักการ แนวคิด ทฤษฎี -- 2.3 งานวิจัยและผลการสำรวจที่เกี่ยวข้อง -- บทที่ 3 วิธีการศึกษา -- 3.1 วิธีการศึกษา -- 3.2 ขั้นตอนการศึกษา -- บทที่ 4 ผลการศึกษา -- 4.1 ความโปร่งใสในกระบวนการงบประมาณของประเทศไทย -- 4.2 ความโปร่งใสในกระบวนการงบประมาณของประเทศไทยและต่างประเทศ -- บทที่ 5 สรุปผลการศึกษา อภิปรายผล และข้อเสนอแนะ -- 5.1 สรุปผลการศึกษา -- 5.2 การอภิปรายผล -- 5.3 ข้อเสนอแนะแนวทางการเพิ่มความโปร่งใส.
650 4 _aงบประมาณ
_95796
650 4 _aความโปร่งใส (จริยศาสตร์) ในการเงิน
_967413
942 _2local
_cIS
996 _ajidapa.t
_bACQSTF
_c2026-02-10
996 _avaree.k
_bLIBSTF
_c2026-02-16
996 _asaiphon.d
_bCATSTF
_c2026-02-18
999 _c107747
_d107747
998 _j104
_k นางสาวสายฝน ดีงาม